[Event "Saarbruecken-chT U20"]
[Site "Saarbruecken"]
[Date "2006.11.23"]
[Round "5.5"]
[White "Zikeli, Saskia"]
[Black "Schubert, Sven"]
[Result "1-0"]
[WhiteElo "2049"]
[BlackElo "1990"]
[PlyCount "69"]
[EventDate "2006.11.??"]
[EventType "team"]
[EventRounds "7"]
[EventCountry "GER"]
[SourceTitle "EXT 2008"]
[Source "ChessBase"]
[SourceDate "2007.11.25"]
[SourceVersion "1"]
[SourceVersionDate "2007.11.25"]
[SourceQuality "1"]

1. e4 c5 2. Nf3 e6 3. d4 cxd4 4. Nxd4 a6 5. Nc3 Qc7 6. g3 Nf6 7. Bg2 d6 8. 0-0 Nbd7 9. Re1 Be7 10. f4 0-0 11. Be3 Rb8 12. Kh1 Rd8 13. Bg1 Bf8 14. g4 e5 15. Nf5 g6 16. Ne3 Nb6 17. f5 g5 18. h4 h6 19. hxg5 hxg5 20. Qd2 Bh6 21. Bf1 Bd7 22. a4 Bc6 23. Bg2 Nc8 24. a5 Kg7 25. Bf3 Qe7 26. Nc4 Ne8 27. Rad1 Nc7 28. Nxe5 Nb5 29. Nxc6 bxc6 30. e5 Qb7 31. Nxb5 Qxb5 32. Be3 Rh8 33. Kg2 dxe5 34. Bxg5 Qxb2 35. f6+ 1-0

[Event "Saarbruecken-chT U20"]
[Site "Saarbruecken"]
[Date "2006.11.22"]
[Round "4.5"]
[White "Duenzel, Jonas"]
[Black "Schubert, Sven"]
[Result "1-0"]
[WhiteElo "1883"]
[BlackElo "1990"]
[PlyCount "65"]
[EventDate "2006.11.??"]
[EventType "team"]
[EventRounds "7"]
[EventCountry "GER"]
[SourceTitle "EXT 2008"]
[Source "ChessBase"]
[SourceDate "2007.11.25"]
[SourceVersion "1"]
[SourceVersionDate "2007.11.25"]
[SourceQuality "1"]

1. e4 e6 2. d4 d5 3. Nd2 c5 4. exd5 Qxd5 5. Ngf3 cxd4 6. Bc4 Qd6 7. 0-0 Nf6 8. Nb3 Nc6 9. Nbxd4 Nxd4 10. Qxd4 Bd7 11. Qxd6 Bxd6 12. Be3 Bc6 13. Nd4 Ng4 14. Nxc6 Bxh2+ 15. Kh1 bxc6 16. Bc5 Bc7 17. Be2 Nf6 18. Bf3 0-0-0 19. Bxa7 Kb7 20. Be3 Nd5 21. Bc5 Bb6 22. Bxb6 Kxb6 23. a4 Ra8 24. Rfd1 Rhd8 25. a5+ Kc5 26. c3 Kc4 27. Be2+ Kb3 28. Rd2 Nxc3 29. Rxd8 Rxd8 30. bxc3 Kxc3 31. a6 Kb4 32. Rb1+ Ka5 33. Rb7 1-0

[Event "Hannover-chD"]
[Site "Lehrte"]
[Date "2006.10.15"]
[Round "3"]
[White "Walther, Jakob"]
[Black "Schubert, Sven"]
[Result "1/2-1/2"]
[WhiteElo "1782"]
[BlackElo "1992"]
[PlyCount "73"]
[EventDate "2006.10.14"]
[EventType "swiss"]
[EventRounds "7"]
[EventCountry "GER"]
[SourceTitle "EXT 2021"]
[Source "ChessBase"]
[SourceDate "2020.10.23"]
[SourceVersion "1"]
[SourceVersionDate "2020.10.23"]
[SourceQuality "1"]

1. d4 Nf6 2. c4 c5 3. d5 e6 4. Nc3 exd5 5. cxd5 d6 6. e4 g6 7. f4 Bg7 8. Nf3 0-0 9. Bd3 a6 10. 0-0 b5 11. Re1 Re8 12. e5 dxe5 13. fxe5 Ng4 14. Bf4 Qb6 15. Be4 Bb7 16. d6 Nd7 17. Bxb7 Qxb7 18. Nd5 Rab8 19. Nc7 Ngxe5 20. Nxe5 Rxe5 21. Bxe5 Bxe5 22. Rb1 Qc6 23. Qd5 Qxd5 24. Nxd5 Bxd6 25. Rbd1 Kf8 26. Nf6 Bxh2+ 27. Kxh2 Nxf6 28. Rd6 Ng4+ 29. Kg3 h5 30. Rxa6 Rd8 31. Re2 g5 32. Ra3 f5 33. Kf3 h4 34. Rc2 Rd5 35. Ra5 Re5 36. Re2 Rd5 37. Rc2 1/2-1/2

[Event "Hannover-chD"]
[Site "Lehrte"]
[Date "2006.10.14"]
[Round "1"]
[White "Plischki, Sebastian"]
[Black "Schubert, Sven"]
[Result "1-0"]
[WhiteElo "2307"]
[BlackElo "1992"]
[PlyCount "91"]
[EventDate "2006.10.14"]
[EventType "swiss"]
[EventRounds "7"]
[EventCountry "GER"]
[SourceTitle "EXT 2021"]
[Source "ChessBase"]
[SourceDate "2020.10.23"]
[SourceVersion "1"]
[SourceVersionDate "2020.10.23"]
[SourceQuality "1"]

1. d4 Nf6 2. c4 c5 3. d5 e6 4. Nc3 exd5 5. cxd5 d6 6. e4 g6 7. Bd3 Bg7 8. h3 0-0 9. Bg5 a6 10. a4 Re8 11. Nf3 Nbd7 12. 0-0 Qc7 13. Re1 Rb8 14. Bf1 c4 15. Rc1 b5 16. axb5 axb5 17. b4 h6 18. Bf4 Ne5 19. Nd4 Bd7 20. Be3 g5 21. Ra1 Ng6 22. f3 Nh5 23. Ra5 Bxd4 24. Qxd4 Rb7 25. Kh2 Ne5 26. Be2 Qd8 27. g3 Kh7 28. Rf1 Rg8 29. Qd2 Qf8 30. g4 Nf6 31. Kg3 Qg7 32. Kf2 Ng6 33. Ra6 Qf8 34. Rfa1 Qe7 35. Qd4 Ne8 36. Ra7 Rxa7 37. Rxa7 Qd8 38. Qb6 Qxb6 39. Bxb6 Nf6 40. Bd4 Ne5 41. Ra6 Ne8 42. Rb6 f6 43. Nxb5 Bxb5 44. Rxb5 Rg7 45. Rb8 Re7 46. b5 1-0

[Event "GER-ch U14"]
[Site "Willingen"]
[Date "2006.06.06"]
[Round "5"]
[White "Nuber, Blasius"]
[Black "Schubert, Sven"]
[Result "1/2-1/2"]
[WhiteElo "2041"]
[BlackElo "1977"]
[PlyCount "81"]
[EventDate "2006.06.03"]
[EventType "swiss"]
[EventRounds "9"]
[EventCountry "GER"]
[SourceTitle "EXT 2007"]
[Source "ChessBase"]
[SourceDate "2006.11.23"]
[SourceVersion "1"]
[SourceVersionDate "2006.11.23"]
[SourceQuality "1"]

1. e4 e5 2. Nf3 Nc6 3. d4 exd4 4. Nxd4 Bc5 5. Be3 Qf6 6. c3 Nge7 7. Bc4 Ne5 8. Be2 Qg6 9. Bf3 Nxf3+ 10. Qxf3 0-0 11. Nd2 d6 12. 0-0 c6 13. Qg3 Qxg3 14. hxg3 Ng6 15. Rad1 Re8 16. f3 d5 17. Bf2 Be6 18. Nxe6 Bxf2+ 19. Rxf2 fxe6 20. f4 Rad8 21. Kf1 e5 22. f5 dxe4 23. Ke2 e3 24. Kxe3 Ne7 25. Ke2 Rf8 26. g4 h5 27. gxh5 Nxf5 28. Rf3 Ne7 29. Rdf1 Nd5 30. Rxf8+ Rxf8 31. Rxf8+ Kxf8 32. Kf3 Nf6 33. g4 b5 34. Ne4 Ke7 35. Ng3 Ke6 36. g5 Nd5 37. Ke4 Ne7 38. b4 Nd5 39. Ne2 Ne7 40. Ng3 Nd5 41. Ne2 1/2-1/2

[Event "Niedersachsen-chT U14"]
[Site "Verden"]
[Date "2006.05.28"]
[Round "7.1"]
[White "Schubert, Sven"]
[Black "Scholz, Sebastian"]
[Result "1-0"]
[WhiteElo "1977"]
[BlackElo "1233"]
[PlyCount "61"]
[EventDate "2006.05.25"]
[EventType "team"]
[EventRounds "7"]
[EventCountry "GER"]
[SourceTitle "EXT 2007"]
[Source "ChessBase"]
[SourceDate "2006.11.23"]
[SourceVersion "1"]
[SourceVersionDate "2006.11.23"]
[SourceQuality "1"]

1. e4 e5 2. Nf3 Nc6 3. d4 exd4 4. Nxd4 Bc5 5. Be3 Qf6 6. c3 Nge7 7. Nc2 Bb6 8. g3 d6 9. Bg2 Be6 10. f4 0-0-0 11. Bxb6 axb6 12. Ne3 g5 13. f5 Bd7 14. Ng4 Qg7 15. f6 Qf8 16. fxe7 Qxe7 17. 0-0 h5 18. Nf6 Be6 19. Na3 h4 20. g4 h3 21. Bh1 Rh6 22. Nh5 Ne5 23. Bf3 Qd7 24. Ng3 Bxg4 25. Bxg4 Nxg4 26. Nf5 Nxh2 27. Kxh2 Rh7 28. Nc4 Qe6 29. Qd5 Qd7 30. Nfxd6+ Kb8 31. Qxb7# 1-0

[Event "Niedersachsen-ch U14"]
[Site "Rotenburg/Wuemme"]
[Date "2006.04.11"]
[Round "5"]
[White "Schubert, Sven"]
[Black "Guennigmann, Manuel"]
[Result "1-0"]
[WhiteElo "1977"]
[BlackElo "1949"]
[PlyCount "123"]
[EventDate "2006.04.08"]
[EventType "swiss"]
[EventRounds "9"]
[EventCountry "GER"]
[SourceTitle "EXT 2007"]
[Source "ChessBase"]
[SourceDate "2006.11.23"]
[SourceVersion "1"]
[SourceVersionDate "2006.11.23"]
[SourceQuality "1"]

1. e4 c5 2. Nc3 Nc6 3. g3 g6 4. Bg2 Bg7 5. d3 Rb8 6. Be3 d6 7. Qd2 b5 8. Nge2 b4 9. Nd1 e6 10. 0-0 Nd4 11. Re1 Ne7 12. c3 bxc3 13. bxc3 Nxe2+ 14. Qxe2 0-0 15. Rc1 Ba6 16. Qd2 Qa5 17. d4 cxd4 18. Bxd4 Bxd4 19. Qxd4 Qc5 20. Qxc5 dxc5 21. Bf1 Bxf1 22. Kxf1 Rfd8 23. Ke2 Nc6 24. Rc2 Ne5 25. Ne3 Rd7 26. f4 Nc6 27. Ng4 Kg7 28. e5 Ne7 29. Nf6 Rdb7 30. Ne4 Rb2 31. Rec1 Rxc2+ 32. Rxc2 Rc8 33. Rb2 Rc7 34. Rb5 c4 35. Nd6 Kh6 36. Nxf7+ Kh5 37. Ng5 Nd5 38. Kd2 Rc6 39. Nxe6 Rxe6 40. Rxd5 Kg4 41. Rd7 Ra6 42. Ke3 Rxa2 43. e6 Ra1 44. e7 Re1+ 45. Kd4 Kh3 46. e8Q Rxe8 47. Rxh7+ Kg2 48. Rh6 Rc8 49. Rxg6 Kxh2 50. Rg5 a5 51. Rxa5 Kxg3 52. f5 Kf4 53. f6 Rf8 54. Ra6 Rc8 55. Kd5 Kf5 56. Kd6 Rd8+ 57. Ke7 Rb8 58. f7 Rb7+ 59. Kf8 Rb1 60. Kg7 Rg1+ 61. Kh7 Rh1+ 62. Rh6 1-0

[Event "Niedersachsen-ch U14"]
[Site "Rotenburg/Wuemme"]
[Date "2006.04.09"]
[Round "2"]
[White "Dorn, Carina"]
[Black "Schubert, Sven"]
[Result "0-1"]
[WhiteElo "1529"]
[BlackElo "1977"]
[PlyCount "68"]
[EventDate "2006.04.08"]
[EventType "swiss"]
[EventRounds "9"]
[EventCountry "GER"]
[SourceTitle "EXT 2007"]
[Source "ChessBase"]
[SourceDate "2006.11.23"]
[SourceVersion "1"]
[SourceVersionDate "2006.11.23"]
[SourceQuality "1"]

1. d4 d5 2. c4 Nc6 3. Nc3 dxc4 4. e3 Na5 5. Bd2 c6 6. a4 a6 7. Nf3 b5 8. Be2 Bb7 9. 0-0 e6 10. Ne5 Bd6 11. f4 Nb3 12. Ra2 c5 13. axb5 Bxe5 14. fxe5 cxd4 15. Nb1 axb5 16. Rxa8 Bxa8 17. Bb4 Qg5 18. Bf3 Qxe3+ 19. Kh1 Bxf3 20. Rxf3 Qxe5 21. Qf1 Nf6 22. Rg3 Ne4 23. Rg4 f5 24. Rh4 Nbc5 25. b3 Nxb3 26. Na3 d3 27. Rf4 d2 28. Rf3 Qd5 29. Qd1 h5 30. Nc2 h4 31. h3 Rh6 32. Ne3 Qe5 33. Qe2 Ng3+ 34. Rxg3 hxg3 0-1

[Event "Niedersachsen-ch U14"]
[Site "Rotenburg/Wuemme"]
[Date "2006.04.09"]
[Round "3"]
[White "Schubert, Sven"]
[Black "Kyas, Marcel"]
[Result "1-0"]
[WhiteElo "1977"]
[BlackElo "1918"]
[PlyCount "59"]
[EventDate "2006.04.08"]
[EventType "swiss"]
[EventRounds "9"]
[EventCountry "GER"]
[SourceTitle "EXT 2007"]
[Source "ChessBase"]
[SourceDate "2006.11.23"]
[SourceVersion "1"]
[SourceVersionDate "2006.11.23"]
[SourceQuality "1"]

1. e4 e6 2. Nf3 d5 3. Nc3 Nf6 4. e5 Nfd7 5. d4 c5 6. dxc5 Bxc5 7. Bd3 Nc6 8. Bf4 Qb6 9. 0-0 a6 10. Rb1 Bd4 11. Qe2 Qc7 12. Nxd4 Nxd4 13. Qg4 g6 14. Rfe1 Qc6 15. Bg5 Nf5 16. Bxf5 gxf5 17. Qb4 Qc5 18. Qxc5 Nxc5 19. b4 Ne4 20. Nxe4 fxe4 21. Rb3 Bd7 22. Rh3 Rc8 23. Bf6 Rg8 24. c3 Bb5 25. Rxh7 Rxc3 26. h4 d4 27. Rg7 Rxg7 28. Bxg7 f5 29. exf6 d3 30. f7+ 1-0

[Event "Niedersachsen-ch"]
[Site "Verden"]
[Date "2006.01.07"]
[Round "7"]
[White "Schaar, Andreas"]
[Black "Schubert, Sven"]
[Result "1-0"]
[WhiteElo "2090"]
[BlackElo "1959"]
[PlyCount "53"]
[EventDate "2006.01.??"]
[EventType "swiss"]
[EventRounds "7"]
[EventCountry "GER"]
[SourceTitle "CBM 110 Extra"]
[Source "ChessBase"]
[SourceDate "2006.03.10"]
[SourceVersion "2"]
[SourceVersionDate "2006.03.10"]
[SourceQuality "1"]

1. d4 d5 2. Nf3 Nc6 3. a3 Nf6 4. e3 Bg4 5. Be2 e6 6. Nbd2 Bd6 7. c4 0-0 8. 0-0 Ne4 9. Ne1 Bxe2 10. Qxe2 a6 11. Nxe4 dxe4 12. b4 f5 13. f3 exf3 14. Nxf3 h6 15. Bb2 g5 16. e4 g4 17. exf5 gxf3 18. Qxe6+ Rf7 19. d5 Qh4 20. g3 Bxg3 21. Qg6+ Kf8 22. hxg3 Qh3 23. Rxf3 Ne7 24. Qe6 Nxf5 25. Raf1 Rd8 26. Be5 Rdd7 27. Rxf5 1-0

[Event "GER-ch U14"]
[Site "Willingen"]
[Date "2005.05.21"]
[Round "9"]
[White "Colpe, Malte"]
[Black "Schubert, Sven"]
[Result "1/2-1/2"]
[WhiteElo "1962"]
[BlackElo "1788"]
[PlyCount "84"]
[EventDate "2005.05.14"]
[EventType "swiss"]
[EventRounds "9"]
[EventCountry "GER"]
[SourceTitle "CBM 106 Extra"]
[Source "ChessBase"]
[SourceDate "2005.07.01"]
[SourceVersion "1"]
[SourceVersionDate "2005.07.01"]
[SourceQuality "1"]

1. d4 d5 2. c4 c6 3. Nc3 Nf6 4. Nf3 dxc4 5. a4 Bf5 6. e3 e6 7. Bxc4 Bb4 8. 0-0 0-0 9. Ne5 Nbd7 10. f4 Nb6 11. Bd3 Bxd3 12. Nxd3 Be7 13. Kh1 Nbd5 14. Re1 Nxc3 15. bxc3 Ne4 16. Qc2 c5 17. Ne5 Nf6 18. Qb3 cxd4 19. exd4 Qd5 20. Rb1 b6 21. Bd2 Rac8 22. Qxd5 Nxd5 23. c4 Nf6 24. a5 bxa5 25. Bxa5 Bd8 26. Bb4 Re8 27. Ra1 Be7 28. Bxe7 Rxe7 29. c5 Nd5 30. g3 Rec7 31. Ra3 g6 32. Rea1 Ra8 33. Nc4 Kf8 34. Nb6 Nxb6 35. cxb6 Rb7 36. Rxa7 Rab8 37. Rxb7 Rxb7 38. Rb1 Ke7 39. Kg2 Kd6 40. Kf3 f5 41. Ra1 Kc6 42. Re1 Kd6 1/2-1/2

[Event "GER-ch U14"]
[Site "Willingen"]
[Date "2005.05.19"]
[Round "7"]
[White "Schubert, Sven"]
[Black "Jorczik, Julian Marcel"]
[Result "1/2-1/2"]
[WhiteElo "1788"]
[BlackElo "2162"]
[PlyCount "54"]
[EventDate "2005.05.14"]
[EventType "swiss"]
[EventRounds "9"]
[EventCountry "GER"]
[SourceTitle "CBM 106 Extra"]
[Source "ChessBase"]
[SourceDate "2005.07.01"]
[SourceVersion "1"]
[SourceVersionDate "2005.07.01"]
[SourceQuality "1"]

1. e4 c5 2. c3 Nf6 3. e5 Nd5 4. g3 d6 5. exd6 Qxd6 6. Bg2 Nc6 7. Ne2 Bf5 8. 0-0 Nb6 9. d4 cxd4 10. Nxd4 Nxd4 11. cxd4 Qd7 12. Qf3 Rb8 13. Bf4 Bg4 14. Qe4 Bf5 15. Qf3 Bg4 16. Qe4 f5 17. Qd3 Rd8 18. h3 Bh5 19. Nc3 e6 20. Nb5 Bc5 21. Nc7+ Kf7 22. Rae1 Bxd4 23. Qb1 Rhe8 24. Nxe6 Rxe6 25. Qxf5+ Rf6 26. Qxh5+ Kg8 27. Bg5 Rf5 1/2-1/2

[Event "GER-ch U14"]
[Site "Willingen"]
[Date "2005.05.17"]
[Round "5"]
[White "Jacobi, Robin"]
[Black "Schubert, Sven"]
[Result "0-1"]
[WhiteElo "1622"]
[BlackElo "1788"]
[PlyCount "148"]
[EventDate "2005.05.14"]
[EventType "swiss"]
[EventRounds "9"]
[EventCountry "GER"]
[SourceTitle "CBM 106 Extra"]
[Source "ChessBase"]
[SourceDate "2005.07.01"]
[SourceVersion "1"]
[SourceVersionDate "2005.07.01"]
[SourceQuality "1"]

1. b4 e5 2. Bb2 Bxb4 3. Bxe5 Nf6 4. c4 0-0 5. e3 Nc6 6. Bb2 d5 7. cxd5 Nxd5 8. Nf3 Bg4 9. Be2 Re8 10. 0-0 Qd7 11. Nd4 Bxe2 12. Nxe2 Re6 13. Nbc3 Nxc3 14. Nxc3 Rh6 15. d4 Bd6 16. f4 Qe7 17. Qf3 Re8 18. Rae1 Bb4 19. Re2 Bxc3 20. Bxc3 Qe4 21. d5 Nd8 22. Be5 Qxf3 23. Rxf3 c6 24. d6 Rhe6 25. Rd2 f6 26. d7 Rf8 27. Bd6 Rf7 28. Bc7 Rf8 29. Rd4 c5 30. Rd5 b6 31. e4 Rc6 32. Bxd8 Rxd8 33. e5 Kf7 34. exf6 Rxf6 35. f5 Rc6 36. g4 Rc7 37. Rfd3 c4 38. Rd1 c3 39. Kf2 c2 40. Rc1 Ke7 41. Rd2 Rdxd7 42. Rxd7+ Rxd7 43. Rxc2 b5 44. Ke3 a5 45. h4 a4 46. a3 Rb7 47. Kf4 b4 48. axb4 Rxb4+ 49. Kg5 Rb7 50. Ra2 Ra7 51. Ra3 Kf7 52. Kf4 Ra5 53. h5 Kf6 54. g5+ Ke7 55. Re3+ Kf8 56. Ra3 Kf7 57. h6 gxh6 58. gxh6 Kf6 59. Kg4 Ra7 60. Kf4 Ra6 61. Kg4 Ra5 62. Rc3 a3 63. Rc6+ Ke7 64. Rc7+ Kd6 65. Rc1 a2 66. Ra1 Ke7 67. Kg5 Kf7 68. Kf4 Kf6 69. Kg4 Ra4+ 70. Kh5 Kxf5 71. Rf1+ Ke4 72. Ra1 Ra5+ 73. Kg4 Kd3 74. Rd1+ Kc2 0-1

[Event "GER-ch U14"]
[Site "Willingen"]
[Date "2005.05.15"]
[Round "2"]
[White "Schubert, Sven"]
[Black "Voelsgen, Georg"]
[Result "1-0"]
[WhiteElo "1788"]
[BlackElo "1562"]
[PlyCount "103"]
[EventDate "2005.05.14"]
[EventType "swiss"]
[EventRounds "9"]
[EventCountry "GER"]
[SourceTitle "CBM 106 Extra"]
[Source "ChessBase"]
[SourceDate "2005.07.01"]
[SourceVersion "1"]
[SourceVersionDate "2005.07.01"]
[SourceQuality "1"]

1. e4 e5 2. Nf3 Nc6 3. d4 exd4 4. Nxd4 Bc5 5. Be3 Qf6 6. c3 Nge7 7. Nc2 Bb6 8. g3 0-0 9. Bg2 d6 10. 0-0 Ng6 11. Nd2 Nge5 12. Bxb6 axb6 13. Ne3 Ne7 14. Qc2 Ng4 15. Nxg4 Bxg4 16. h3 Be6 17. a3 Qh6 18. h4 Nc6 19. Nf3 Qg6 20. Qe2 Bg4 21. Qe3 Rfe8 22. Nh2 Bd7 23. Qd2 Ne5 24. f4 Nc4 25. Qf2 Bc6 26. f5 Qf6 27. Ng4 Qd8 28. f6 g6 29. Qf4 Re6 30. Nh6+ Kf8 31. Rae1 Nxb2 32. Ng4 Kg8 33. Bh3 Nd3 34. Qd2 Nxe1 35. Nh6+ Kf8 36. Bxe6 fxe6 37. Ng4 Kf7 38. Rxe1 Rxa3 39. Ne5+ Kg8 40. f7+ Kg7 41. Rf1 Qf8 42. Nxc6 bxc6 43. Qf4 h5 44. g4 hxg4 45. h5 gxh5 46. Qg5+ Kh7 47. Qxh5+ Kg7 48. Qxg4+ Kh7 49. Qh5+ Kg7 50. Rf4 Ra1+ 51. Kg2 Ra2+ 52. Kg3 1-0

[Event "Niedersachsen-ch U14"]
[Site "Rotenburg/Wuemme"]
[Date "2005.03.25"]
[Round "9"]
[White "Schubert, Sven"]
[Black "Lick, Patrick"]
[Result "1/2-1/2"]
[WhiteElo "1650"]
[BlackElo "1572"]
[PlyCount "133"]
[EventDate "2005.03.19"]
[EventType "swiss"]
[EventRounds "9"]
[EventCountry "GER"]
[SourceTitle "EXT 2007"]
[Source "ChessBase"]
[SourceDate "2006.11.23"]
[SourceVersion "1"]
[SourceVersionDate "2006.11.23"]
[SourceQuality "1"]

1. e4 e6 2. Nf3 d5 3. Nc3 Bb4 4. exd5 exd5 5. Ne2 Ne7 6. c3 Bd6 7. d4 c6 8. Ng3 Bxg3 9. hxg3 Bf5 10. Bd3 Nd7 11. Bg5 f6 12. Bf4 h6 13. Qc2 Bxd3 14. Qxd3 Nb6 15. 0-0-0 Qd7 16. Rde1 0-0-0 17. Re2 g5 18. Bd2 Nc4 19. Rhe1 Rhe8 20. Nh2 Nd6 21. f3 Nef5 22. g4 Ne7 23. Nf1 Nc4 24. Ng3 Nd6 25. Nh5 Ng8 26. Qg6 Rxe2 27. Rxe2 Rf8 28. Be1 Re8 29. Rxe8+ Qxe8 30. Qxe8+ Nxe8 31. Ng3 Kd7 32. Nf5 Nd6 33. Nxd6 Kxd6 34. Kd2 Ne7 35. Ke2 Ng6 36. g3 Ke6 37. Ke3 a6 38. Bf2 Ne7 39. Ke2 f5 40. gxf5+ Kxf5 41. g4+ Kg6 42. Bg3 h5 43. Kf2 hxg4 44. fxg4 Nc8 45. Bc7 Ne7 46. Be5 Nc8 47. Bc7 Kf7 48. Bd8 Kg6 49. Bc7 Ne7 50. Be5 Ng8 51. Kf3 Kf7 52. Ke3 Nh6 53. Kf3 Kg6 54. Bg3 Nf7 55. Bh2 Kf6 56. Ke3 Ke6 57. Kf3 Kd7 58. Ke3 a5 59. Kf3 b6 60. Ke3 a4 61. Kf3 c5 62. Bg1 Kc6 63. b3 axb3 64. axb3 Kb5 65. dxc5 bxc5 66. Be3 Ne5+ 67. Kg3 1/2-1/2

[Event "Niedersachsen-ch U14"]
[Site "Rotenburg/Wuemme"]
[Date "2005.03.24"]
[Round "8"]
[White "Torwelle, Marcel"]
[Black "Schubert, Sven"]
[Result "0-1"]
[WhiteElo "1616"]
[BlackElo "1650"]
[PlyCount "56"]
[EventDate "2005.03.19"]
[EventType "swiss"]
[EventRounds "9"]
[EventCountry "GER"]
[SourceTitle "EXT 2007"]
[Source "ChessBase"]
[SourceDate "2006.11.23"]
[SourceVersion "1"]
[SourceVersionDate "2006.11.23"]
[SourceQuality "1"]

1. Nf3 Nc6 2. d4 d5 3. g3 Bg4 4. Bg2 e6 5. 0-0 Nf6 6. c4 Bd6 7. Nc3 0-0 8. cxd5 Nxd5 9. Nxd5 exd5 10. e3 Ne7 11. Qb3 Rb8 12. Bd2 c6 13. Bb4 Ng6 14. Rac1 Bxb4 15. Qxb4 Qd7 16. Nd2 Bh3 17. Nb3 Bxg2 18. Kxg2 Qg4 19. Nc5 Nh4+ 20. Kh1 Nf3 21. Kg2 b6 22. Nd7 Qe4 23. Nxf8 Ne1+ 24. Kh3 Qf5+ 25. g4 Qf3+ 26. Kh4 Ng2+ 27. Kh5 Qh3+ 28. Kg5 Qh6+ 0-1